000 00552nam a2200193Ii 4500
003 JO-AjNU
008 230605s9999||||xx |||||||||||||| ||und||
040 _aJO-AjNU
_bara
_erda
_cJO-AjNU
041 _aara
050 1 4 _aQD43
100 3 _aخرمه، وليد,
_eauthor
_939295
245 0 0 _aالمرشد في الكيمياء
264 3 1 _aد.م : د.ن ،1900
300 _a191ص
336 _atext
_btxt
_2rdacontent
337 _aunmediated
_bn
_2rdamedia
338 _avolume
_bnc
_2rdacarrier
650 4 _aالكيمياء -تجارب
_939296
999 _aA16584
_c20152
_d20152